Ión ; Menexenosz

Elmentve itt :
Bibliográfiai részletek
További közreműködők: Kövendi Dénes
Ritoók Zsigmond
Steiger Kornél
Adatforrás:Philobibl
Dokumentumtípus: Könyv
Nyelv:magyar
Kulcsszavak:filozófia, ókori, görög
retorika
boldogság
tudás
megismerés
esztétika
Megjelent: Budapest Atlantisz 2000
Sorozat:Platón összes művei kommentárokkal
LEADER 00711nam a2200229 c 4500
001 bibPHI0029754ac
005 20220622122423.4
008 070206s2000 hu hun
245 0 0 |a Ión ; Menexenosz  |c [ford. Kövendi Dénes, Ritoók Zsigmond, jegyz. utószó: Steiger Kornél, Ritoók Zsigmond] 
260 |a Budapest  |b Atlantisz  |c 2000 
300 |a 103 p. 
490 1 |a Platón összes művei kommentárokkal 
695 |a filozófia, ókori, görög 
695 |a retorika 
695 |a boldogság 
695 |a tudás 
695 |a megismerés 
695 |a esztétika 
700 1 |a Kövendi Dénes 
700 1 |a Ritoók Zsigmond 
700 1 |a Steiger Kornél 
830 0 |a Platón összes művei kommentárokkal